000 00769nam a22002177a 4500
003 OSt
005 20251027050616.0
008 251027b |||||||| |||| 00| 0 eng d
020 _a 978-621-406-2652
040 _aDWCL-Main lib
_cOC
082 _aFil. 658.37 L434 2018
100 _aBernardo, Rodolfa Jr.
245 _aLeadership and personality development:
_b for tourism and hospitality professionals/
_cRodolfa Bernardo Jr.
260 _aManila:
_bMindshapers co. inc.,
_cc2018
300 _ax, 224 pages :
_b illustrations ;
_c23cm
504 _aIncludes bibliographical references
650 _a1. Hospitality industry-- Personnel management
650 _a2. Personality development
700 _a[AND THREE OTHERS]
942 _2ddc
_cBK-FIL
_kFil.
_n0
999 _c5163
_d5163